000 00699nam a2200253Ia 4500
003 OSt
005 20220926033857.0
006 a|||||r|||| 00| 0
007 ta
008 220923b |||||||| |||| 00| 0 eng d
037 _cGeneral Book
040 _aRTL
_cRTL
_beng
041 _2eng
_aeng
082 _aY65.2.N7, L9
100 _aShankar Gori
_9339663
245 0 _aBorn criminals
260 _aVaranasi
_bKishor Vidya Niketan
_c1979
300 _a260p
_ccm.
490 _aPublished with UGC
500 _aBibliography: P 252-60; Appendix: P 235-51
650 _aCriminal Sociology
942 _hY65.2.N7, L9
_cGB
_2CC
999 _c658169
_d658169